Estudio histórico documental sobre actos, funciones, normas laborales y económicas acaecidos en el transcurso de los siglos XVI y XVII / (Record no. 70249)

MARC details
000 -LEADER
campo de control de longitud fija 00572nam a2200157 i 4500
001 - NÚMERO DE CONTROL
campo de control 70249
003 - IDENTIFICADOR DE NÚMERO DE CONTROL
campo de control ES-MaACL
005 - FECHA Y HORA DE LA ÚLTIMA TRANSACCIÓN
campo de control 20230906170750.0
007 - CAMPO FIJO DE DESCRIPCIÓN FÍSICA--INFORMACIÓN GENERAL
campo de control de longitud fija t|
008 - DATOS DE LONGITUD FIJA--INFORMACIÓN GENERAL
campo de control de longitud fija 040721s1964 sp ||||1| spa d
100 1# - ENTRADA PRINCIPAL--NOMBRE DE PERSONA
Nombre de persona García Rámila, Ismael.
9 (RLIN) 55150
245 10 - MENCIÓN DEL TÍTULO
Título Estudio histórico documental sobre actos, funciones, normas laborales y económicas acaecidos en el transcurso de los siglos XVI y XVII /
Mención de responsabilidad, etc. Ismael García Rámila.
260 ## - PUBLICACIÓN, DISTRIBUCIÓN, ETC.
Lugar de publicación, distribución, etc. [Burgos :
Nombre del editor, distribuidor, etc. s.n.,
Fecha de publicación, distribución, etc. 1964] (
Fabricante Imp. Diputación provincial)
300 ## - DESCRIPCIÓN FÍSICA
Extensión 398 p. ;
Dimensiones 22 cm.
852 ## - LOCALIZACIÓN
Ubicación ES-MaACL
Número de control de estantería C-27134
Sublocalización o colección R.56057
Holdings
Estatus retirado Estado de pérdida Estado de daño No para préstamo Biblioteca de origen Biblioteca actual Ubicación en estantería Fecha de adquisición Fuente de adquisición Total de préstamos Signatura topográfica completa Código de barras Visto por última vez Precio de reemplazo Tipo de ítem Koha
        Biblioteca del Ateneo de Madrid Biblioteca del Ateneo de Madrid Depósito 2 17/01/2008     C-27134 1073561 23/02/2023 23/02/2023 Libro impreso